Derecho civil: teórico y práctico
Saved in:
| Hovedforfatter: | |
|---|---|
| Format: | Bog |
| Sprog: | spansk |
| Udgivet: |
Madrid
La España Moderna
1900
|
| Serier: | Biblioteca de Jurisprudencia,Filosofía e Historia
|
| Fag: | |
| Tags: |
Tilføj Tag
Ingen Tags, Vær først til at tagge denne postø!
|
MARC
| LEADER | 00000nam a2200000 a 4500 | ||
|---|---|---|---|
| 001 | UCS1574 | ||
| 003 | CL-VaPUC | ||
| 008 | 970515e19000000SP |||||||||||||||||spa|d | ||
| 082 | 0 | 4 | |a 346.45 |b RIC |2 21 |
| 100 | 0 | |a Ricci, Francisco |e author |9 386106 | |
| 245 | 1 | 0 | |a Derecho civil: teórico y práctico |
| 300 | |a v | ||
| 942 | |c BK | ||
| 945 | |d 19970515 00:00:00 |a cmena | ||
| 260 | |a Madrid |b La España Moderna |c 1900 | ||
| 500 | |a v.1: Legislación | ||
| 500 | |a v.2: De las personas | ||
| 500 | |a v.3: Derechos y deberes inherentes al matrimonio. De la filiación, de la patria potestad | ||
| 500 | |a v.4: De las personas: de la menor de edad. De los estados de incapacidad absoluta o relativa en que puede encontrarse el mayor de edad. Del registro de tutelas de los menores y de los interdictos, y de la cura de los emancipados o inhabilitados. De las actas del estado civil | ||
| 500 | |a v.5 p.1: De los bienes, de la propiedad y de sus modificaciones. Clasificación de los bienes, la propiedad y la accesión. El usufructo, el uso y la habitación | ||
| 500 | |a v.6 p.2: De los bienes, de la propiedad y de sus modificaciones. De las servidumbres | ||
| 500 | |a v.7: Sucesiones: de la sucesión legítima. De las sucesiones testamentarias | ||
| 500 | |a v.8: Sucesiones. De las sucesión legítima. De las sucesiones testamentarias | ||
| 500 | |a v.9: Adquisición de la herencia. De las particiones | ||
| 500 | |a v.10: De las particiones, continuación. De las donaciones | ||
| 500 | |a v.11: De la comunidad. De la posesión | ||
| 500 | |a v.12: De la prescripción. De la ocupación | ||
| 500 | |a v.13: De los contratos. De los cuasi-contratos. De los delitos y cuasi-delitos. Diversas clases de obligaciones | ||
| 500 | |a v.14: Extinción de las obligaciones. De la prueba de las obligaciones y de su extinción | ||
| 500 | |a v.15: Del contrato del matrimonio. De la compraventa | ||
| 500 | |a v.16: De la compraventa, continuación. De la permuta. De la enfiteusis | ||
| 500 | |a v.17: Del arrendamiento | ||
| 500 | |a v.18: Del contrato de sociedad. Del mandato. De la transacción. De la constitución de renta. Del juego y de la apuesta. Del comodato. Del mutuo. Del depósito y del secuestro | ||
| 500 | |a v.19: De la prenda. De la anticresis. De la fianza. De la inscripción. De los privilegios e hipotecas. De los privilegios | ||
| 500 | |a v.20: De las hipotecas. De la publicidad de los registros y de la responsabilidad de los registradores. Indice de materias de la obra completa | ||
| 650 | 0 | |a Derecho privado |9 258243 | |
| 650 | 0 | |a Derecho civil |9 255013 | |
| 650 | 0 | |a Código civil |9 256135 | |
| 650 | 0 | |a Derecho español |9 255291 | |
| 650 | 0 | |a Jurisprudencia |9 255952 | |
| 650 | 7 | |a LEGISLACION |2 CL-VaPUC |9 386107 | |
| 650 | 0 | |a Interpretación de la ley |9 257376 | |
| 650 | 0 | |a Propiedad |9 255268 | |
| 650 | 7 | |a SUCESION |2 CL-VaPUC |9 375829 | |
| 650 | 0 | |a Derecho sucesorio |9 255015 | |
| 650 | 0 | |a Contratos |9 255153 | |
| 650 | 7 | |a PERSONA |2 CL-VaPUC |9 327934 | |
| 650 | 7 | |a MATRIMONIO |2 CL-VaPUC |9 386108 | |
| 650 | 7 | |a NULIDAD DEL MATRIMONIO |2 CL-VaPUC |9 386109 | |
| 650 | 0 | |a Filiación |9 256647 | |
| 650 | 7 | |a ESTADO CIVIL |2 CL-VaPUC |9 386110 | |
| 650 | 0 | |a Bienes |9 255749 | |
| 650 | 0 | |a Testamento |9 258220 | |
| 651 | 0 | |a España |9 254926 | |
| 583 | |a last modification |c 19970515 00:00:00 |k Rodrigo Vera | ||
| 490 | 0 | |a Biblioteca de Jurisprudencia,Filosofía e Historia | |
| 999 | |c 259611 |d 259609 | ||
| 952 | |0 0 |1 0 |4 0 |6 346_450000000000000_RIC_1900 |7 0 |8 X |9 284654 |a BIBDER |b BIBDER |d 2019-11-19 |h v.1 |i 1849913 |o 346.45 RIC 1900 |p 1849913 |r 2023-01-25 |w 2019-11-19 |y BK_X |k DER | ||
| 952 | |0 0 |1 0 |4 0 |6 346_450000000000000_RIC_1900 |7 0 |8 X |9 284655 |a BIBDER |b BIBDER |d 2019-11-19 |h v.2 |i 1849921 |o 346.45 RIC 1900 |p 1849921 |r 2023-01-25 |w 2019-11-19 |y BK_X |k DER | ||
| 952 | |0 0 |1 0 |4 0 |6 346_450000000000000_RIC_1900 |7 0 |8 X |9 284656 |a BIBDER |b BIBDER |d 2019-11-19 |h v.3 |i 184993K |o 346.45 RIC 1900 |p 184993K |r 2023-01-25 |w 2019-11-19 |y BK_X |k DER | ||
| 952 | |0 0 |1 0 |4 0 |6 346_450000000000000_RIC_1900 |7 0 |8 X |9 284657 |a BIBDER |b BIBDER |d 2019-11-19 |h v.4 |i 1849948 |o 346.45 RIC 1900 |p 1849948 |r 2023-01-25 |w 2019-11-19 |y BK_X |k DER | ||
| 952 | |0 0 |1 0 |4 0 |6 346_450000000000000_RIC_1900 |7 0 |8 X |9 284658 |a BIBDER |b BIBDER |d 2019-11-19 |h v.5 |i 1849956 |o 346.45 RIC 1900 |p 1849956 |r 2023-01-25 |w 2019-11-19 |y BK_X |k DER | ||
| 952 | |0 0 |1 0 |4 0 |6 346_450000000000000_RIC_1900 |7 0 |8 X |9 284659 |a BIBDER |b BIBDER |d 2019-11-19 |h v.6 |i 1849964 |o 346.45 RIC 1900 |p 1849964 |r 2023-01-25 |w 2019-11-19 |y BK_X |k DER | ||
| 952 | |0 0 |1 0 |4 0 |6 346_450000000000000_RIC_1900 |7 0 |8 X |9 284660 |a BIBDER |b BIBDER |d 2019-11-19 |h v.7 |i 1849972 |o 346.45 RIC 1900 |p 1849972 |r 2023-01-25 |w 2019-11-19 |y BK_X |k DER | ||
| 952 | |0 0 |1 0 |4 0 |6 346_450000000000000_RIC_1900 |7 0 |8 X |9 284661 |a BIBDER |b BIBDER |d 2019-11-19 |h v.8 |i 1849980 |o 346.45 RIC 1900 |p 1849980 |r 2023-01-25 |w 2019-11-19 |y BK_X |k DER | ||
| 952 | |0 0 |1 0 |4 0 |6 346_450000000000000_RIC_1900 |7 0 |8 X |9 284662 |a BIBDER |b BIBDER |d 2019-11-19 |h v.9 |i 1849999 |o 346.45 RIC 1900 |p 1849999 |r 2023-01-25 |w 2019-11-19 |y BK_X |k DER | ||
| 952 | |0 0 |1 0 |4 0 |6 346_450000000000000_RIC_1900 |7 0 |8 X |9 284663 |a BIBDER |b BIBDER |d 2019-11-19 |h v.10 |i 1851004 |o 346.45 RIC 1900 |p 1851004 |r 2023-01-25 |w 2019-11-19 |y BK_X |k DER | ||
| 952 | |0 0 |1 0 |4 0 |6 346_450000000000000_RIC_1900 |7 0 |8 X |9 284664 |a BIBDER |b BIBDER |d 2019-11-19 |h v.11 |i 1851012 |o 346.45 RIC 1900 |p 1851012 |r 2023-01-25 |w 2019-11-19 |y BK_X |k DER | ||
| 952 | |0 0 |1 0 |4 0 |6 346_450000000000000_RIC_1900 |7 0 |8 X |9 284665 |a BIBDER |b BIBDER |d 2019-11-19 |h v.12 |i 1851020 |o 346.45 RIC 1900 |p 1851020 |r 2023-01-25 |w 2019-11-19 |y BK_X |k DER | ||
| 952 | |0 0 |1 0 |4 0 |6 346_450000000000000_RIC_1900 |7 0 |8 X |9 284666 |a BIBDER |b BIBDER |d 2019-11-19 |h v.13 |i 1851039 |o 346.45 RIC 1900 |p 1851039 |r 2023-01-25 |w 2019-11-19 |y BK_X |k DER | ||
| 952 | |0 0 |1 0 |4 0 |6 346_450000000000000_RIC_1900 |7 0 |8 X |9 284667 |a BIBDER |b BIBDER |d 2019-11-19 |h v.14 |i 1851047 |o 346.45 RIC 1900 |p 1851047 |r 2023-01-25 |w 2019-11-19 |y BK_X |k DER | ||
| 952 | |0 0 |1 0 |4 0 |6 346_450000000000000_RIC_1900 |7 0 |8 X |9 284668 |a BIBDER |b BIBDER |d 2019-11-19 |h v.15 |i 1851055 |o 346.45 RIC 1900 |p 1851055 |r 2023-01-25 |w 2019-11-19 |y BK_X |k DER | ||
| 952 | |0 0 |1 0 |4 0 |6 346_450000000000000_RIC_1900 |7 0 |8 X |9 284669 |a BIBDER |b BIBDER |d 2019-11-19 |h v.16 |i 1851063 |o 346.45 RIC 1900 |p 1851063 |r 2023-01-25 |w 2019-11-19 |y BK_X |k DER | ||
| 952 | |0 0 |1 0 |4 0 |6 346_450000000000000_RIC_1900 |7 0 |8 X |9 284670 |a BIBDER |b BIBDER |d 2019-11-19 |h v.17 |i 1851071 |o 346.45 RIC 1900 |p 1851071 |r 2023-01-25 |w 2019-11-19 |y BK_X |k DER | ||
| 952 | |0 0 |1 0 |4 0 |6 346_450000000000000_RIC_1900 |7 0 |8 X |9 284671 |a BIBDER |b BIBDER |d 2019-11-19 |h v.18 |i 185108K |o 346.45 RIC 1900 |p 185108K |r 2023-01-25 |w 2019-11-19 |y BK_X |k DER | ||
| 952 | |0 0 |1 0 |4 0 |6 346_450000000000000_RIC_1900 |7 0 |8 X |9 284672 |a BIBDER |b BIBDER |d 2019-11-19 |h v.18 |i 1851098 |o 346.45 RIC 1900 |p 1851098 |r 2023-01-25 |w 2019-11-19 |y BK_X |k DER | ||
| 952 | |0 0 |1 0 |4 0 |6 346_450000000000000_RIC_1900 |7 0 |8 X |9 284673 |a BIBDER |b BIBDER |d 2019-11-19 |h v.19 |i 1851101 |o 346.45 RIC 1900 |p 1851101 |r 2023-01-25 |w 2019-11-19 |y BK_X |k DER | ||
| 952 | |0 0 |1 0 |4 0 |6 346_450000000000000_RIC_1900 |7 0 |8 X |9 284674 |a BIBDER |b BIBDER |d 2019-11-19 |h v.20 |i 185111K |o 346.45 RIC 1900 |p 185111K |r 2023-01-25 |w 2019-11-19 |y BK_X |k DER | ||